| 000 | 00983cab a2200217 4500 | ||
|---|---|---|---|
| 001 | ABS36939 | ||
| 008 | 090401t1986 xxu||||| |||| 00| 0 eng d | ||
| 035 | _a(Sirsi) u1155 | ||
| 041 | 0 | _aeng | |
| 100 | 1 | _aBone, S. | |
| 245 | 0 | 0 |
_aInsulation _bnew methods of energy saving |
| 260 | _c1986 | ||
| 350 | _a0 | ||
| 490 | 0 |
_aArchitect _v93(10) October 1986, 63-74(7) |
|
| 520 | _aLooks at new developments in thermal insulation of walls, floors and roofs, with particular reference to single-leaf insulated masonry, in view of the possibility that higher standards may be introduced. Lists insulation products that have Agrement certificates as at July 1986. | ||
| 520 | _aThis article is no longer held by the RICS Library but may be available through inter-library loan. Please ask Library staff for details | ||
| 651 | 4 |
_aUnited Kingdom _y |
|
| 690 | _aBUILT ENVIRONMENT-BUILDING MATERIALS-CEMENTITIOUS, CONCRETE AND MINERAL BOUND MATERIALS | ||
| 942 | _n0 | ||
| 948 | _c04/03/1997 | ||
| 999 |
_c631 _d631 |
||